000 00433nam a22001817a 4500
003 OSt
005 20240425132158.0
008 240425b |||||||| |||| 00| 0 eng d
020 _a9780821868850
040 _cSKBL Cu
050 _a515
_b1
082 _222ed
_a515
245 _aMathematical Omnibus
_hEnglish
250 _aIndian Edn
260 _aHyderabad
_bUniversity Press
_c2024
300 _c23cm,Index
942 _2ddc
_cBK
_n1
999 _c67339
_d67339